000 00914nam a2200277Ia 4500
003 OSt
005 20220928121559.0
006 a|||||r|||| 00| 0
007 ta
008 220927b |||||||| |||| 00| 0 eng d
020 _c6215.5450000000001
024 _a112920
037 _b58, 11/11/2011, Aviva Books Company
_cTextual
040 _aSDCL
_cSDCL
_beng
041 _2eng
_aeng
082 _aD6,8(2), Q0
100 _aXhafa Fatos Ed.
_9453409
245 0 _aComplex intelligent systems and their applications.
260 _aNew York
_b Springer
_c2010
300 _axiii,271p.
_ccm.
650 _aApplied Operation Research
700 _a Barolli Leonard Ed.
_9453410
700 _a Papajorgji Petraq J Ed.
_9453411
942 _hD6,8(2), Q0
_cTEXL
_2CC
999 _c767299
_d767299